The paintings of Paul Cezanne : a catalogue raisonne

Αποθηκεύτηκε σε:
Λεπτομέρειες βιβλιογραφικής εγγραφής
Κύριος συγγραφέας: Rewald, John 1912-1994
Άλλοι συγγραφείς: Feilchenfeldt, Walter, Warman, Jayne
Μορφή: Βιβλίο
Γλώσσα:English
Δημοσίευση: New York : Harry N. Abrams, 1996
Θέματα:
Ετικέτες: Προσθήκη ετικέτας
Δεν υπάρχουν, Καταχωρήστε ετικέτα πρώτοι!

MARC

LEADER 00000nam a2200000 i 4500
001 1/11371
008 971003s1996 eng d
020 |a 0-8109-4044-2 
035 |1 ΠΑΡ  |a 1997  |l 10018229 
040 |a GR-MY-UA  |b gre  |e aacr 
041 0 |a eng 
082 0 |a 759.4 
100 1 |a Rewald, John  |d 1912-1994. 
245 1 4 |a The paintings of Paul Cezanne :  |b a catalogue raisonne /  |c John Rewald in collaboration with Walter Feilchenfeldt and Jayne Warman 
260 |a New York :   |b Harry N. Abrams,   |c 1996 
300 |a 592 p. (v.1); 335 p. (v.2)  |b ill. 
504 |a Includes bibliographical references and index 
505 0 |a v.1: The textsv.2: The plates 
600 1 0 |a Cezanne Paul  |d 1839-1906  |x Catalogues raisonnes. 
700 1 |a Feilchenfeldt, Walter. 
700 1 |a Warman, Jayne. 
852 |a INST  |b LESVOS  |e 19971003  |h 759.4 REW  |p 005100015600  |q 005100015600  |t BK  |y 0  |z v.2 
852 |a INST  |b LESVOS  |e 19971003  |h 759.4 REW  |p 005100015601  |q 005100015601  |t BK  |y 0  |z v.1 
852 |a INST  |b LESVOS  |e 19971003  |h 759.4 REW  |p 005100015600  |q 005100015600  |t BK  |v v.2:  |y 0  |z v.2 
852 |a INST  |b LESVOS  |e 19971003  |h 759.4 REW  |p 005100015601  |q 005100015601  |t BK  |v v.1:  |y 0  |z v.1 
853 |a INST  |b LESVOS  |h 759.4 REW 
909 |a Λ  |b 050995 
909 |a Λ  |b 050994